Literárnovedná problematika vnútroliterárneho prekladu

Bibliographic Details
Main Author: Štraus, František, 1933-2008 (Author)
Format: Article
Language:Slovak

MARC

LEADER 00000nab a2200000uu 4500
001 vtls011444418
003 SK-MaSNL
005 20260303164617.0
008 230313|1989 xo |||||||||||||||||slo|
015 |a SNBRB 
035 |a (urnnbn)urn:nbn:sk:snk:ar-003csm 
035 |a (uuid)22fb689a-9b87-47e4-b3d5-06f70530e71b 
035 |a urn:nbn:sk:snk-abchzd 
040 |a SNKBUCL  |b slo  |c SNKBUCL  |e AACR2 
041 0 |a slo 
044 |a xo  |c SK 
100 1 |a Štraus, František,  |d 1933-2008  |4 aut  |9 105627 
245 1 0 |a Literárnovedná problematika vnútroliterárneho prekladu  |c František Štraus 
773 0 |t Romboid  |g Roč. 24, č. 9 (1989), s. 86-96 
958 |a OND 
958 |a EUIPO 
958 |a article16 
999 |c 2066613  |d 2068543